00799nam a2200205 a 4500008004100000050001600041100001500057245010600072250001200178260003300190300002200223350000900245650001500254650003100269700003000300700002100330995009300351999001700444952013200461120416s1973 ||||||||||||||||| || u aHF 5549 Man aMalm, F. T10aManagement of human resources: readings in personnel administration. (3rd ed.)cedited by Paul Pigors a3rd ed. aNew York:bMcGraw-Hillc1973 axii, 589p. : ill. a0.00 0aMANAGEMENT aHUMAN RESOURCES MANAGEMENT aPigors, Paul John William aMyers, Charles A D0.00FCBU-MAIN LIBRARY (Kitwe)H2I0.00M1UDAMAGEDZMain Library Open Access Collection c49969d49969 00102lcc4070a001b001cMain Library Open Access Collectiond2022-11-30l0oHF 5549 Manp700104r2022-11-30w2022-11-30y002